000 00315nam a2200109Ia 4500
008 220204s9999 xx 000 0 und d
082 _aNR:62:628.31
_bISA
100 _aIsa, Zaid
245 0 _aManual of laboratory methods for chemical analysis of rubber effluent
260 _aKuala Lumpur
_bRRIM
_c1980
942 _cREF
999 _c35331
_d35331